[Event "TUR-chT2"]
[Site "Konya"]
[Date "2018.07.14"]
[Round "7.2"]
[White "Aksoy, Ayca"]
[Black "Postoglu, Gulden"]
[Result "1-0"]
[WhiteElo "1856"]
[BlackElo "1329"]
[PlyCount "85"]
[EventDate "2018.07.10"]
[EventType "team-swiss"]
[EventRounds "9"]
[EventCountry "TUR"]
[SourceTitle "EXT 2019"]
[Source "ChessBase"]
[SourceDate "2018.10.10"]
[SourceVersion "1"]
[SourceVersionDate "2018.10.10"]
[SourceQuality "1"]
[WhiteTeam "Adana Ceyhan Belediye"]
[BlackTeam "Mugla Dalaman"]
[WhiteTeamCountry "TUR"]
[BlackTeamCountry "TUR"]

1. d4 d5 2. Nf3 Nf6 3. c4 e6 4. Nc3 Nbd7 5. cxd5 exd5 6. Bg5 Be7 7. e3 c6 8. Bd3 0-0 9. Qc2 Re8 10. 0-0 Nf8 11. Rab1 g6 12. b4 Ne6 13. Bh4 a6 14. a4 Ng7 15. b5 axb5 16. axb5 Bf5 17. Bxf5 Nxf5 18. Bxf6 Bxf6 19. bxc6 bxc6 20. Na4 Qd6 21. Nc5 Reb8 22. g3 Rxb1 23. Rxb1 Rb8 24. Ra1 Rc8 25. Ra7 Rc7 26. Ra8+ Kg7 27. Qa4 Ne7 28. Qa6 Nf5 29. Qb6 Qe7 30. Ra3 Nd6 31. Nd2 Nb5 32. Ra8 Nxd4 33. exd4 Bxd4 34. Ne6+ Qxe6 35. Qxd4+ f6 36. Qc5 Qe1+ 37. Kg2 Re7 38. Nf3 Qe6 39. Rc8 Qxc8 40. Qxe7+ Kg8 41. Qxf6 c5 42. Ng5 Qe8 43. Ne6 1-0

[Event "TUR-ch (Women)"]
[Site "Antalya"]
[Date "2018.03.09"]
[Round "8"]
[White "Yalcin, Sudenaz"]
[Black "Postoglu, Gulden"]
[Result "1/2-1/2"]
[WhiteElo "1176"]
[BlackElo "1383"]
[PlyCount "88"]
[EventDate "2018.03.05"]
[EventType "swiss"]
[EventRounds "9"]
[EventCountry "TUR"]
[SourceTitle "CBM 183 Extra"]
[Source "ChessBase"]
[SourceDate "2018.04.19"]
[SourceVersion "1"]
[SourceVersionDate "2018.04.19"]
[SourceQuality "1"]

1. e4 c6 2. Nf3 d5 3. exd5 cxd5 4. Ne5 Nd7 5. Nxd7 Bxd7 6. d4 e6 7. Nc3 a6 8. Bf4 Nf6 9. Bd3 Qb6 10. Ne2 Rc8 11. Rb1 Qa5+ 12. Nc3 Bb4 13. Bd2 Qc7 14. 0-0 Bd6 15. h3 b5 16. b4 0-0 17. a3 Qa7 18. Ne2 Bc7 19. c3 Ne8 20. Nc1 Nd6 21. Nb3 Nc4 22. Bxc4 dxc4 23. Nc5 Bc6 24. Ra1 Ra8 25. a4 Qb6 26. a5 Qb8 27. Qg4 Kh8 28. Rfe1 e5 29. dxe5 Bxe5 30. Rad1 f5 31. Qe2 Re8 32. Qf1 f4 33. f3 Qa7 34. Qf2 Qf7 35. Ne4 Bb8 36. Nc5 Ba7 37. Kh1 Qf5 38. Qh4 g5 39. Qh5 Bxc5 40. bxc5 Qg6 41. Qxg6 hxg6 42. Bc1 Rxe1+ 43. Rxe1 Re8 44. Rxe8+ Bxe8 1/2-1/2

[Event "TUR-ch (Women)"]
[Site "Antalya"]
[Date "2018.03.06"]
[Round "3"]
[White "Postoglu, Gulden"]
[Black "Guvenc, Hilal"]
[Result "0-1"]
[WhiteElo "1383"]
[BlackElo "1087"]
[PlyCount "126"]
[EventDate "2018.03.05"]
[EventType "swiss"]
[EventRounds "9"]
[EventCountry "TUR"]
[SourceTitle "CBM 183 Extra"]
[Source "ChessBase"]
[SourceDate "2018.04.19"]
[SourceVersion "1"]
[SourceVersionDate "2018.04.19"]
[SourceQuality "1"]

1. e4 e5 2. Nf3 Nc6 3. Bb5 Nd4 4. Nxd4 exd4 5. 0-0 Ne7 6. Qf3 c6 7. Bc4 d5 8. exd5 Nxd5 9. Re1+ Be7 10. Bxd5 Qxd5 11. Qxd5 cxd5 12. b3 Be6 13. Bb2 Bf6 14. d3 0-0 15. g3 Rac8 16. Re2 Bg4 17. Rd2 Rfe8 18. Na3 a6 19. Kg2 b5 20. Rf1 Be2 21. Rc1 g5 22. h3 g4 23. hxg4 Bxg4 24. Nb1 a5 25. c3 dxc3 26. Nxc3 b4 27. Nxd5 Bxb2 28. Rxc8 Bxc8 29. Rxb2 Bb7 30. Kf1 Bxd5 31. Re2 Rc8 32. f4 Be6 33. Kf2 Kg7 34. Rd2 Kf6 35. Kf3 h5 36. d4 Rc3+ 37. Ke4 Rxg3 38. d5 Bf5+ 39. Kd4 Rg8 40. d6 Bd7 41. Re2 h4 42. Kc5 h3 43. Kb6 Re8 44. Rd2 Rg8 45. Kc7 Rg2 46. Rd1 Be6 47. d7 Rc2+ 48. Kb6 Bxd7 49. Rxd7 h2 50. Rd6+ Kg7 51. Rd1 Rxa2 52. Kb5 Kg6 53. Kc4 Kf5 54. Rf1 Rg2 55. Rh1 Kxf4 56. Rf1+ Kg3 57. Rxf7 h1Q 58. Rg7+ Kf2 59. Rf7+ Kg1 60. Rd7 Rg4+ 61. Kb5 Rg5+ 62. Kb6 Qh6+ 63. Kc7 Rc5+ 0-1